00478nam a2200121Ia 4500008004100000245016400041260003900205260000900244300000900253650002600262650001200288856005600300170516s9999 xx 000 0 und d 2aA retrospective analysis of ultrasound-guided large core needle biopsies of breast lesions at a regional public hospital in Durban, KwaZulu-Natal, South Africa bSouth African Journal of Radiology c2016 a20:1 xRadiologic Technology xRadtech uhttp://www.sajr.org.za/index.php/sajr/issue/view/54